00672 2200241 4500001002100000005001500021035002000036007000300056008004100059020002200100082000800122084001400130100002900144245009400173250001000267260003100277300003600308650001700344700001700361700002000378700002100398990001100419INLIS00000000000351620190528112605 a0010-0519000107ta190528 g 0 ind  a978-602-241-639-5 a920 a920 MAS k0 aMASAGUS, A. Fauzan Yayan1 aKun Yusuf Mansur :bKisah Perjalanan Hidup Ustadz Yusuf Mansur /cMasagus A. Fauzan Yayan acet.5 aJakarta :bErlangga,c2017 axxvi, 212 hlm :bilus. ;c21 cm 4aAUTOBIOGRAFI0 aEFRI, Aditia0 aHIJRAH, Saputra0 aADHIKA, Prasetya a6799 a